000 00229nam a2200097Ia 4500
008 170619s9999 xx 000 0 und d
100 _aPantambekar A A
245 0 _aData Structure Using C
260 _bPune : Tech. Pub.
260 _c2006
546 _aENGLISH
999 _c18222
_d18222